<?xml version="1.0" encoding="UTF-8"?>
<record
    xmlns:xsi="http://www.w3.org/2001/XMLSchema-instance"
    xsi:schemaLocation="http://www.loc.gov/MARC21/slim http://www.loc.gov/standards/marcxml/schema/MARC21slim.xsd"
    xmlns="http://www.loc.gov/MARC21/slim">

  <leader>03636nab a2200397 i 4500</leader>
  <controlfield tag="003">BR-BrBNA</controlfield>
  <controlfield tag="005">20240802130913.0</controlfield>
  <controlfield tag="008">240802b2017    bl.|r|pooa||| 00| 0 eng |</controlfield>
  <datafield tag="040" ind1=" " ind2=" ">
    <subfield code="a">BR-BrBNA</subfield>
    <subfield code="b">eng</subfield>
  </datafield>
  <datafield tag="072" ind1=" " ind2=" ">
    <subfield code="a">L70</subfield>
    <subfield code="b">6100</subfield>
  </datafield>
  <datafield tag="072" ind1=" " ind2=" ">
    <subfield code="a">Q03</subfield>
  </datafield>
  <datafield tag="100" ind1=" " ind2=" ">
    <subfield code="a">Smaniotto, B.D. </subfield>
  </datafield>
  <datafield tag="100" ind1=" " ind2=" ">
    <subfield code="a">Amarante, A.F. </subfield>
  </datafield>
  <datafield tag="100" ind1=" " ind2=" ">
    <subfield code="a">Altarugio, R. </subfield>
  </datafield>
  <datafield tag="100" ind1=" " ind2=" ">
    <subfield code="a">Silva, I.G.O. </subfield>
  </datafield>
  <datafield tag="100" ind1=" " ind2=" ">
    <subfield code="a">Corr&#xEA;a, I.M.O.</subfield>
  </datafield>
  <datafield tag="100" ind1=" " ind2=" ">
    <subfield code="a">Pereira, L.Q. </subfield>
  </datafield>
  <datafield tag="100" ind1=" " ind2=" ">
    <subfield code="a">Sartori, M.M.P. </subfield>
  </datafield>
  <datafield tag="100" ind1=" " ind2=" ">
    <subfield code="a">Andreatti Filho,  R.L. </subfield>
  </datafield>
  <datafield tag="100" ind1=" " ind2=" ">
    <subfield code="a">Guimar&#xE3;es-Okamoto, P.T.C. </subfield>
  </datafield>
  <datafield tag="100" ind1=" " ind2=" ">
    <subfield code="a">Okamoto, A.S.</subfield>
  </datafield>
  <datafield tag="245" ind1=" " ind2=" ">
    <subfield code="a">Age influence on quality of shell and penetration in bacterial laying lightweight eggs</subfield>
  </datafield>
  <datafield tag="500" ind1=" " ind2=" ">
    <subfield code="a">
Publica&#xE7;&#xE3;o on-line; 23 ref.; 5 illus.; Summaries (En, Pt)</subfield>
  </datafield>
  <datafield tag="520" ind1=" " ind2=" ">
    <subfield code="a">

ABSTRACT - This study evaluated the influence of the bird&#x2019;s age on the quality of the shell and percentage of bacterial penetration in commercial eggs. White-shelled commercial eggs were used, laid by light laying hens in their first laying cycle at 21, 39, 51, and 62 weeks of age. Shell quality evaluations comprised: egg weight, specific gravity, percentage and thickness of shell, number and size of pores. For evaluations regarding bacterial penetration, strains of several enterobacterias and one salmonella were used, all of which resistant to Nalidixic acid (100&#xB5;g/ml). The method employed for evaluation of bacterial penetration was filling the eggs with growth medium. The data were subjected to variance analysis with 5% of probability using SAS (Education Analytical Software, 2013). Eveb though increase in the laying hen's age caused reduction of the quality of eggshells, it failed to affect the percentage of penetration of the bacterial samples evaluated.


Keywords: poultry, bacterial contamination, eggs, enterobacteria</subfield>
  </datafield>
  <datafield tag="520" ind1=" " ind2=" ">
    <subfield code="a">

RESUMO - O presente estudo avaliou a influ&#xEA;ncia da idade da ave sobre a qualidade da casca e na porcentagem de penetra&#xE7;&#xE3;o bacteriana em ovos comerciais. Foram utilizados ovos brancos comerciais provenientes de poedeiras leves em primeiro ciclo de postura com 21, 39, 51 e 62 semanas de idade. As avalia&#xE7;&#xF5;es de qualidade da casca realizadas foram: peso do ovo, gravidade espec&#xED;fica, porcentagem e espessura da casca, n&#xFA;mero e tamanho dos poros. Para as avalia&#xE7;&#xF5;es da penetra&#xE7;&#xE3;o bacteriana, foram utilizadas cepas de diversas enterobact&#xE9;rias e uma salmonela, sendo todas resistentes ao &#xE1;cido nalid&#xED;xico (100&#xB5;g/mL). O m&#xE9;todo utilizado para a avalia&#xE7;&#xE3;o da penetra&#xE7;&#xE3;o bacteriana foi por meio do
preenchimento dos ovos com meio de cultura. Os dados foram submetidos &#xE0; an&#xE1;lise de vari&#xE2;ncia com 5% de probabilidade utilizando-se o programa SAS &#x2013; Statistical Analisys System (Education Analytical Software, 2013). O aumento da idade da poedeira promoveu a redu&#xE7;&#xE3;o da qualidade da casca dos ovos, por&#xE9;m n&#xE3;o foi capaz de influenciar a porcentagem de penetra&#xE7;&#xE3;o das amostras bacterianas avaliadas.


Palavras-chave: aves, contamina&#xE7;&#xE3;o bacteriana, ovos, enterobact&#xE9;rias</subfield>
  </datafield>
  <datafield tag="650" ind1=" " ind2=" ">
    <subfield code="a">GALINHA PARA POSTURA</subfield>
  </datafield>
  <datafield tag="650" ind1=" " ind2=" ">
    <subfield code="a">OVO</subfield>
  </datafield>
  <datafield tag="650" ind1=" " ind2=" ">
    <subfield code="a">CONTAMINA&#xC7;&#xC3;O</subfield>
  </datafield>
  <datafield tag="650" ind1=" " ind2=" ">
    <subfield code="a">BACT&#xC9;RIA</subfield>
  </datafield>
  <datafield tag="650" ind1=" " ind2=" ">
    <subfield code="a">INSPE&#xC7;&#xC3;O SANIT&#xC1;RIA</subfield>
  </datafield>
  <datafield tag="650" ind1=" " ind2=" ">
    <subfield code="a">SEGURAN&#xC7;A ALIMENTAR</subfield>
  </datafield>
  <datafield tag="773" ind1="0" ind2=" ">
    <subfield code="0">1643</subfield>
    <subfield code="9">316243</subfield>
    <subfield code="d">Belo Horizonte-MG Universidade Federal de Minas Gerais - Escola de Veterinaria 1983</subfield>
    <subfield code="o">2024-2644</subfield>
    <subfield code="t">Arquivo Brasileiro de Medicina Veterin&#xE1;ria e Zootecnia (Brazil)</subfield>
    <subfield code="x">0102-0935</subfield>
    <subfield code="g">v. 69(5) p. 1301-1310; (2017)</subfield>
    <subfield code="w">2024002212</subfield>
  </datafield>
  <datafield tag="856" ind1=" " ind2=" ">
    <subfield code="u">https://www.scielo.br/j/abmvz/a/544ZzTYKsbZfC8XFNfx9LCs/?format=pdf&amp;lang=en</subfield>
  </datafield>
  <datafield tag="942" ind1=" " ind2=" ">
    <subfield code="c">Anal&#xED;tica</subfield>
  </datafield>
  <datafield tag="999" ind1=" " ind2=" ">
    <subfield code="c">300723</subfield>
    <subfield code="d">300723</subfield>
  </datafield>
</record>
